Slogans Translated Quiz Stats

 Plays Quiz Updated Nov 2, 2017

Challenge
Share
Tweet
Embed
Score 0/15 Timer 02:00
3 Plays Today
% Correct
Colgate
95.6%
BMW
95.1%
Sprite
94.3%
New York Times
94.3%
Wheaties
89.2%
Nike
86.3%
Yahtzee
83.6%
McDonalds
76.8%
% Correct
M&Ms
76%
Sporcle
69.1%
Wendy's
67.2%
Burger King
58.6%
Apple, Inc.
54.8%
Visa
48.6%
Best Buy
32.9%

You're not logged in!

Compare scores with friends on all Sporcle quizzes.
OR
Log In

You Might Also Like...

Show Comments

Extras

Top Quizzes Today


Score Distribution

Your Account Isn't Verified!

In order to create a playlist on Sporcle, you need to verify the email address you used during registration. Go to your Sporcle Settings to finish the process.

Report this User

Report this user for behavior that violates our Community Guidelines.

Details: